| 000 | 00622nam a2200241Ia 4500 | ||
|---|---|---|---|
| 005 | 20260121112729.0 | ||
| 008 | 8339 260114s9999 xx 000 0 eng d | ||
| 020 | _a9789812794734 | ||
| 037 | _aEBOOK | ||
| 040 |
_aCRL _beng _cCRL |
||
| 041 |
_aeng _2eng |
||
| 084 | _qCRL | ||
| 100 |
_aTzenov Stephan I _9962301 |
||
| 245 | 0 | _aContemporary Accelerator Physics | |
| 260 | _bWorld Scientific | ||
| 260 | _bWSPC | ||
| 260 | _c2004 | ||
| 650 |
_aPhysics _9962302 |
||
| 856 | _uhttps://www.worldscientific.com/worldscibooks/10.1142/5570#t=toc | ||
| 942 | _cEBOOK | ||
| 999 |
_c1545639 _d1545639 |
||